My Way - Limp Bizkit (all lyrics) - Statistics

General Stats
  • This quiz has been taken 70 times
  • The average score is 442 of 533
Answer Stats
Lyric % Correct
I
100%
it
100%
my
100%
My
100%
the
100%
way
100%
a
97%
and
97%
And
97%
do
97%
highway
97%
up
95%
You
95%
you
95%
it's
92%
me
92%
on
92%
this
92%
This
92%
I'm
89%
I'ma
89%
time
89%
your
89%
all
87%
one
87%
Just
84%
more
84%
of
84%
or
84%
out
84%
things
84%
about
82%
fight
79%
let
79%
no
79%
shit
79%
shout
79%
stand
79%
To
79%
will
79%
be
76%
Check
76%
check
76%
come
76%
down
76%
in
76%
leadership
76%
leave
76%
melody
76%
see
76%
again
74%
around
74%
can
74%
go
74%
straight
74%
walk
74%
yeah!
74%
eyes
71%
think
71%
when
71%
When
71%
'Cause
68%
enough
68%
Free
68%
had
68%
Special
68%
special
68%
you're
68%
at
66%
give
66%
Look
66%
now
66%
own
66%
know
63%
laugh
63%
lot
63%
pissed
63%
gonna
61%
never
61%
I've
58%
you'll
58%
everything
55%
Someday
55%
I'll
50%
history
47%
who's
45%
left
42%
Missing
42%
Yes
37%
No matching quizzes found
Score Distribution
Percent of People with Each Score
Percentile by Number Answered
Your Score History
You have not taken this quiz